Movies Quiz

Random Movies or Minefield Quiz

Movies Bunker Quiz Stats

 Plays Quiz Updated Jun 13, 2015

Also try: Geography Bunker
Challenge
Share
Tweet
Embed
Score 0/15 Timer 06:00
93 Plays Today
Question Answer % Correct
????
100%
????
96.1%
????
94%
????
91.4%
????
83.1%
????
79.2%
????
60.8%
????
58.5%
Question Answer % Correct
????
50.2%
????
46.9%
????
34.1%
????
27.1%
????
17.9%
????
13.4%
????
4.4%

You're not logged in!

Compare scores with friends on all Sporcle quizzes.
OR
Log In

You Might Also Like...

Show Comments

Extras

Top Quizzes Today


Score Distribution

Your Account Isn't Verified!

In order to create a playlist on Sporcle, you need to verify the email address you used during registration. Go to your Sporcle Settings to finish the process.

Report this User

Report this user for behavior that violates our Community Guidelines.

Details: